Rozhranie a vizualizácia diagramov viacrozmerného UML
Na minha lista:
| Autor principal: | |
|---|---|
| Outros Autores: | |
| Formato: | Manuscrito Livro |
| Idioma: | eslovaco |
| Publicado em: |
2017
|
| Assuntos: | |
| Acesso em linha: | http://is.stuba.sk/zp/portal_zp.pl?podrobnosti=115623 |
| Tags: |
Sem tags, seja o primeiro a adicionar uma tag!
|
MARC
| LEADER | 00000ntm a22000003a 4500 | ||
|---|---|---|---|
| 001 | stuzp64453 | ||
| 003 | SK-STU | ||
| 005 | 20170624213425.1 | ||
| 007 | ta | ||
| 008 | 150427s2015----xo-----f-mn---000-0-slo-d | ||
| 040 | |a STU |b slo | ||
| 041 | 0 | |a slo | |
| 100 | 1 | |a Motko, Štefan |u 070200 |4 aut |U FIIT Fakulta informatiky a informačných technológií |T FIIT Ústav informatiky, informačných systémov a softvérového inžinierstva |X 74107 |U I200 |Y 179 |7 74107 | |
| 242 | 0 | 1 | |a Visualization and manipulation of multiple-dimensional UML diagrams |y eng |
| 245 | 1 | 0 | |a Rozhranie a vizualizácia diagramov viacrozmerného UML |
| 260 | |c 2017 | ||
| 650 | 4 | |a vizualizácia |2 slo | |
| 650 | 4 | |a 3D vrstvy |2 slo | |
| 650 | 4 | |a UML |2 slo | |
| 650 | 4 | |a UML |2 eng | |
| 650 | 4 | |a visualization |2 eng | |
| 650 | 4 | |a 3D layers |2 eng | |
| 700 | 1 | |a Polášek, Ivan |u 070200 |k Z1 |4 ths |U FIIT Fakulta informatiky a informačných technológií |T FIIT Ústav informatiky, informačných systémov a softvérového inžinierstva |X 1426 |U I200 |Y 179 |7 1426 | |
| 856 | 4 | |u http://is.stuba.sk/zp/portal_zp.pl?podrobnosti=115623 | |
| 996 | |b 11388 |c I* BAP163/17 |l II680 |s P |a 0 |w stuzp64453_0001 | ||